Komunikačné technológie vo vzdelávaní
Využívanie komunikačných technológií v podnikoch a nové efektívnejšie spôsoby komunikácie. Vzdelávanie a performance manažment. Zavedenie business intelligence a zmeny v riadení spoločnosti. Správne doručovanie informácií v správnej podobe, nové trendy a investície, kvalita procesov riadenia a rast...
Salvato in:
| Autore principale: | |
|---|---|
| Natura: | Capitolo di libro |
| Lingua: | slovacco |
| Soggetti: | |
| Tags: |
Nessun Tag, puoi essere il primo ad aggiungerne!!
|
MARC
| LEADER | 00000nla$a2200000$$$4500 | ||
|---|---|---|---|
| 001 | 0103959 | ||
| 005 | 20221207083450.3 | ||
| 041 | 0 | |a slo | |
| 044 | |a SK | ||
| 245 | 1 | 0 | |a Komunikačné technológie vo vzdelávaní |c Tomáš Mečiar |
| 520 | |a Využívanie komunikačných technológií v podnikoch a nové efektívnejšie spôsoby komunikácie. Vzdelávanie a performance manažment. Zavedenie business intelligence a zmeny v riadení spoločnosti. Správne doručovanie informácií v správnej podobe, nové trendy a investície, kvalita procesov riadenia a rast spoločnosti. | ||
| 610 | 2 | 0 | |a technológie komunikačné |
| 610 | 2 | 0 | |a vzdelávanie |
| 610 | 2 | 0 | |a manažment informačný strategický |
| 610 | 2 | 0 | |a telefón mobilný |
| 610 | 2 | 0 | |a internet |
| 610 | 2 | 0 | |a komunikácia elektronická |
| 100 | 1 | |a Mečiar, Tomáš | |